Célébrités Problématiques en Images - Statistiques

Statistiques générales
  • Ce quiz a été pris 669 fois
    590 depuis la dernière actualisation
  • Le résultat moyen est 12 sur 24
Statistiques - réponses
Par images Réponse % Correct
Gérard Depardieu
98%
Norman Thavaud
95%
Nicolas Sarkozy
90%
TheKairi78
74%
Pierre Palmade
72%
Gérald Darmanin
67%
François Fillon
66%
MHD
63%
Pierre Ménès
60%
Dieudonné
48%
Benjamin Mendy
47%
Patrick Poivre d'Arvor
45%
Francis Lalanne
44%
Mason Greenwood
38%
Patrick Balkany
38%
Daniel Alves
37%
Wass Freestyle
37%
Kurt Zouma
36%
Christian Quesada
35%
Adrien Quatennens
28%
Alain Soral
22%
Jean-Jacques Bourdin
20%
Jean-Luc Lahaye
20%
Luis Rubiales
7%
Aucun quiz correspondant
Distribution des résultats
% des personnes avec chaque résultat
Percentile par nombre de réponses
Votre historique - résultats
Vous n’avez pas pris ce quiz depuis la dernière actualisation